Villes de France de A à Z - Carte Quiz - Statistiques

Statistiques générales
  • Ce quiz a été pris 1 205 fois
  • Le résultat moyen est 16 sur 26
Réponses sur la Carte
Les réponses sont colorées sur une échelle allant du rouge au vert en fonction du pourcentage des utilisateurs qui les ont devinées à leur premier essai. Vous pouvez retrouver ces pourcentages ci-dessous.
 
Statistiques - réponses
Réponse % Correct
Ajaccio
96%
Marseille
92%
Bordeaux
90%
Toulouse
85%
Perpignan
84%
Grenoble
80%
Quimper
80%
Orléans
77%
Reims
72%
Villeurbanne
67%
Châlons-sur-Saône
65%
Fort-de-France
63%
Honfleur
61%
Nouméa
60%
Zimmersheim
58%
Evreux
57%
Issy-les-Moulineaux
57%
Saint-Denis
57%
Joué-lès-Tours
53%
Kourou
53%
Wattrelos
52%
Dzaoudzi
48%
Urrugne
39%
Les Abymes
35%
Xanton-Chassenon
25%
Yerres
23%
Aucun quiz correspondant
Distribution des résultats
% des personnes avec chaque résultat
Percentile par nombre de réponses
Votre historique - résultats
Vous n’avez pas pris ce quiz